01213nam a2200277Ia 450000500170000000800270001702000150004408200200005910000290007924501470010825000110025530000240026650000820029065000890037265000570046165000420051870000340056094200120059426400560060633600270066233700330068933800280072204000350075099900150078595201350080020220317000145.0141031s9999 ck 000 0 spa d a958824902304a306.60986bL65r10aLondoño Vega, Patricia10aReligión, cultura y sociedad en Colombia : Medellín y Antioquia, 1850-1930 cPatricia Londoño Vega ; traducción Carlos José Restrepo a1a ed. axii, 449 páginas  aIncluye apéndices, bibliografía e índice analítico al final del texto14a Instituciones religiosas y eclesiásticas 2LEMBySiglo XIXzAntioquia (Colombia) 14a Religión 2LEMBySiglo XIXzAntioquia (Colombia) 14aReligión y cultura 2LEMBxHistoria10aRestrepo, Carlos José99033 2ddccBK aBogotá bFondo de Cultura Económica, 2004c2004 atextobtxt2rdacontent asin mediaciónbn2rdamedia avolumenbnc2rdacarrier aCO-BoRNBPbspaerdacCO-BoRNBP c3259d3259 00102ddc40708GENaMELAJULIbMELAJULIcGENd2026-02-23l0o306.609861 L65rpJUL00213r2026-02-23 19:53:13tEj.1w2026-02-23yBK